000 00347nam a2200133Ia 4500
008 231017s9999 xx 000 0 und d
082 _a388.120994
082 _bAUS
245 0 _aDevelopment of Performance Contracts and Specifications - Full Report (AP-T25.1)
245 0 _cAustroads
260 _bAustroads
300 _c30cm
942 _cREP
999 _c604357
_d604357